Ray

Bibliographic Details
Main Author: Kurek, Vladimír (Author)
Format: Article
Language:Slovak
PhysicalDescription:Fotogr.
ISSN:1336-5932
Subjects:

MARC

LEADER 00000nab a2200000 a 4500
001 vtls008409465
003 SK-MaSNL
005 20260303070128.0
008 140515c2005 xo wr|p|||||||000 b|slo
015 |a SNBRB2005/11  |2 snkbucl 
040 |a SNKBUCL  |b slo  |c SNKBUCL  |e AACR2 
041 0 |a slo 
044 |a xo  |c SK 
080 |a 791.43  |x (73)  |2 1997 
100 1 |a Kurek, Vladimír  |4 aut  |9 871937 
245 1 0 |a Ray  |c Vladimír Kurek 
300 |b Fotogr. 
500 |a Réžia Taylor Hackford 
630 0 7 |a Ray (film)  |2 snkbucl  |9 1067123 
655 7 |a recenzie  |2 snkbucl  |9 21907 
773 0 |t Týždeň  |g Roč. II, č. 9 (2005), s. 60  |x 1336-5932 
852 |a SNK  |b KIS3GCP 
958 |a US 
958 |a RC 
999 |c 1754061  |d 1755991